College Football Teams in 1877 - Statistics

General Stats
  • This quiz has been taken 9 times
  • The average score is 5 of 8
Answer Stats
Answer % Correct
Yale
100%
Harvard
89%
Princeton
89%
Rutgers
67%
Columbia
56%
Stevens Tech
44%
Tufts
22%
Amherst
0%
No matching quizzes found
Score Distribution
Percent of People with Each Score
Percentile by Number Answered
Your Score History
You have not taken this quiz